Postępowanie arbitrażove v Republice Czeskiej = Tretejskoje proizvodstvo v Češskoj respublike : z uwzglednieniem regulacji prawnych w Respublice Słowackiej / III = Arbitražnij proces u Českij Respublici

Uloženo v:
Podrobná bibliografie
Hlavní autor: Bělohlávek, Alexander J. 1968- (Autor)
Médium: Kniha
Jazyk:polština
ruština
ukrajinština
Vydáno: Praha : Linde 2009
Vydání:[1. Wyd.]
Témata:
ISBN:9788072017768
On-line přístup: Získat plný text
Tagy: Přidat tag
Žádné tagy, Buďte první, kdo vytvoří štítek k tomuto záznamu!

MARC

LEADER 00000nam a2200000 4500
003 SK-BrCVT
005 20220617223523.0
008 100610s2009 xr e ||||||pol d
020 |a 9788072017768  |c 49,20 
035 |a CVTIDW0000956 
040 |b slo  |a CVTI SR  |e AACR2 
041 0 |a pol  |a rus  |a ukr 
044 |a xr 
080 |a 347.918  |2 UDC-MRF 
100 1 |a Bělohlávek, Alexander J.  |4 aut  |d 1968- 
245 1 0 |a Postępowanie arbitrażove v Republice Czeskiej =  |b Tretejskoje proizvodstvo v Češskoj respublike : z uwzglednieniem regulacji prawnych w Respublice Słowackiej /  |c Alexander J. Bělohlávek.  |n III = Arbitražnij proces u Českij Respublici 
250 |a [1. Wyd.] 
260 |c 2009  |a Praha :  |b Linde 
300 |a S. 1794 - 3135 :  |b lit. ; 
653 1 |a arbitrážne právo 
653 1 |a rozhodcovské konanie 
910 |a BA002  |b A611090 
919 |a 978-80-7201-776-8 
974 |a katarina.repata  |f Knihy 
992 |a IZK 
999 |c 154817  |d 154817